MDQL
is popping MORE tags! Check the
thread
!
Quizzes
Events
Quiz Creation
Community
Videos
Private Events
Remove Ads
Sign In
Join for FREE
Feedback
Dark Mode
Quiz Categories
Sports
Geography
Music
Movies
Television
Just For Fun
Miscellaneous
History
Literature
Language
Science
Gaming
Entertainment
Religion
Holiday
For Kids
Quiz Lab
Recent
Popular Today
Quiz Kudos Today
Editor Picks
Curator Picks
Quizzes by...
Day
Popularity
Type
Ratings
Length
Year
Community
Subscriptions
Recent Discussions
Orange Saloon
Badges
Playlists
Quests
Create
Leaderboards
Showdown
Live 5
Trivia Bingo
Activity
Puzzle Library
Sporcle Events
Private Events
Virtual Trivia
Globe League
Become a Host
Pub Owners
SporcleCon
Opinionation
Our Games
Videos
Blog
Mobile Apps
Partnerships
Remove Ads and Go Orange
Feedback
Sports
Athletes
MLB
NBA
NHL
NFL
Soccer
Sports Teams
WWE
NCAA
Football
Premier League
Basketball
Baseball
Hockey
Golf
Tennis
Cricket
Rugby
Auto Racing
Olympics
World Cup
Sports
Athletes
MLB
NBA
NHL
NFL
Soccer
Sports Teams
WWE
NCAA
Football
Premier League
Basketball
Baseball
Hockey
Golf
Tennis
Cricket
Rugby
Auto Racing
Olympics
World Cup
Random Quiz
Search Sporcle
×
Quiz Lab
Quiz Lab
Sports
NFL
Type in answers that appear in a list
Type in answers that appear in a list
Classic
Best Score? Go Orange.
NFL 1980s All Decade Team Stats
Can you name the NFL 1980s All Decade Team (as chosen by the Hall of Fame Selection Committee members)?
By
BenjSKs
10m
57 Questions
5,738 Plays
5,738 Plays
5,738 Plays
Comments
Comments
Give Quiz Kudos
Give Quiz Kudos
-
- Ratings
hide this ad
Replay
Link that replays current quiz
Next Quiz
Link to next quiz in quiz playlist
You Got
0%
They Got
Avg Score
54%
Avg Friend Score
Upgrade to see
Score Distribution
Jump to the score distribution portion of the page
Score
0/57
Timer
10:00
0
Plays Today
Pos.
Player
% Correct
QB
Joe Montana
98.8%
WR
Jerry Rice
97.1%
RB
Walter Payton
96.8%
QB
Dan Fouts
91.7%
RB
Eric Dickerson
91.4%
WR
Steve Largent
86.8%
Coach
Bill Walsh
86.5%
LB
Lawrence Taylor
85.6%
TE
Kellen Winslow
85.4%
PR
John Taylor
84.8%
RB
John Riggins
84.5%
DE
Reggie White
82.6%
DT
Randy White
82.5%
LB
Mike Singletary
80%
RB
Roger Craig
79.9%
WR
Art Monk
78.8%
DE
Bruce Smith
78.7%
Coach
Chuck Noll
78.5%
S
Ronnie Lott
77%
OT
Anthony Munoz
73.8%
TE
Ozzie Newsome
65.4%
WR
James Lofton
62.4%
DE
Howie Long
61.1%
LB
Jack Lambert
57.7%
PR
Billy Johnson
55.1%
K
Gary Anderson
53.5%
LB
John Anderson
53.3%
C
Mike Webster
51.9%
OG
John Hannah
50.7%
Pos.
Player
% Correct
DE
Lee Roy Selmon
49.9%
CB
Mel Blount
48.3%
K
Morten Andersen
47.7%
CB
Mike Haynes
44.3%
CB
Lester Hayes
43.3%
DT
Dan Hampton
41.9%
OG
Russ Grimm
40.4%
P
Reggie Roby
38.7%
C
Dwight Stephenson
38.5%
LB
Andre Tippett
37.6%
LB
Carl Banks
37.4%
LB
Ted Hendricks
35.9%
OT
Joe Jacoby
34.2%
S
Kenny Easley
32.4%
P
Sean Landeta
31.8%
OG
Mike Munchak
31.1%
K
Eddie Murray
25.1%
OT
Jim Covert
23.5%
S
Joey Browner
23.1%
OT
Gary Zimmerman
22.7%
S
Deron Cherry
22.4%
DT
Keith Millard
20.1%
CB
Frank Minnifield
19.6%
DT
Dave Butz
19.5%
OG
Bill Fralic
18.8%
S
Nolan Cromwell
17.7%
KR
Rick Upchurch
17.1%
KR
Mike Nelms
9.8%
Quiz Playlist
Details
Report
Send in Message
Add To Playlist
Classic:
Type in answers that appear in a list
Quiz Source
Last Updated: Feb 16, 2017
Quiz Scoreboard
CHALLENGE
Sign Up to Join the Scoreboard
Show All
Scores
Hide
Comments
May contain spoilers
Recently Published
Colored Red Africa Blitz
by spor1
Geography
30s
Find the 'City' Movie
by crazypaving
Movies
60s
5x2 Blitz: Bands
by SL_Kpop136
Music
30s
More to Explore
Quiz From the Vault
Featured Blog Post
14 Easter Pick-up Lines to Find Eggs With
hide this ad
You Might Also Like...
Tags
Decade Quiz
NFL Quiz
1980
chosen
committee
fame
hall
Player
pos
selection
team
Today's Top Quizzes in Sports
Browse Sports
hide this ad
Today's Top Quizzes in NFL
Browse NFL
Top Contributed Quizzes in Sports
1
Les entraîneurs de l'OM et du PSG au 21e siècle
2
Les meilleurs buteurs des matchs entre le PSG et l’OM
3
Les joueurs passés par le PSG et l'OM
4
Players with Multiple 50 Home Run Seasons
5
2022 World Cup Stars
6
Criteria MLB: Left Handed Sluggers
7
NBA Logic Puzzle 2.0
8
MLB Players with Two .350 Batting Average Seasons
9
Top 10 NHL Goal Scorers of All Time
10
Les joueurs passés par le LOSC et le RC Lens
Explore More
Trending Topics
Harry Potter
Crossword
Disney
NBA
Anime
Kpop
Marvel
Soccer
Puzzle
Country
Song
NFL
Pokémon
The Office
WWE
hide this ad
More By:
BenjSKs
Quiz
Plays
Rating
Category
Featured
Created
Countries of the World by Region
13,790
4.38
Geography
Oct 16, 2009
NFL 1980s All Decade Team
5,738
4.34
Sports
Oct 5, 2009
Go to Creator's Profile
Score Distribution
Quiz Creator Spotlight
BenjSKs
Follow
Send a Message
Quizzes Created
-
Created Quiz Play Count
-
More By This Creator
Popular Quizzes Today
1
Colored Red Africa Blitz
2
Find the 'City' Movie
3
5x2 Blitz: Bands
4
Find the US States - No Outlines Minefield
5
The Countries of the World
6
Find the US States
7
US States
8
Find the Countries of Europe - No Outlines Minefield
More Sports Quizzes
Olympic Cities First Letter Blitz
Published
Trending Quizzes
Colored Red Europe Blitz I
Colored Red Europe Blitz II
Colored Red Africa Blitz II
Colored Red Europe Blitz III
Colored Red Africa Blitz III
Recently Updated
How Do You Spell That?
pecheneg
Godzilla Movies
pecheneg
Grab Bag: 4-10 Letters
pecheneg
2024 March Madness Bracket
pecheneg
Famous TV Couples
Peacemaker
Champions League XIs: Real Madrid
pecheneg
Largest US Cities 1790-2010
pecheneg
Rides in Walt Disney World
pecheneg
Most Oscar Losses (Acting)
pecheneg
Beyoncé Albums
pecheneg
Trending Topics
NBA
Harry Potter
Anime
Crossword
Disney
Kpop
Marvel
The Office
Song
Pokémon
Soccer
WWE
Puzzle
NFL
Country
Your Account Isn't Verified!
In order to create a playlist on Sporcle, you need to verify the email address you used during registration. Go to your
Sporcle Settings
to finish the process.
Report this User
Report this user for behavior that violates our
Community Guidelines
.
Details:
Send Report
Go to the Sporcle.com Mobile Site →
Comments